000 01156cab a2200217 4500
001 ##L133276
008 060426n2006 000 0 eng u
035 _a(Sirsi) u133276
041 0 _aeng
100 1 _aIller, Martin
245 0 0 _aLitigation tactics
260 _c2006
490 0 _aSolicitors' Journal
_v150(15) 21 April 2006, 490-491(2)
520 _aNew costs rules in family proceedings provide that the court will not require one party to pay the costs of another party unless it considers it is appropriate to do so because of the conduct of that party. The consequence is that offers made in negotiations expressed to be without prejudice save as to costs (known as Calderbank offers) will no longer be admissible. Considers the history of Calderbank offers and the likely impact of the new rules, including the future of without prejudice negotiations.
650 2 4 _aCIVIL PROCEDURE RULES PART 43
650 2 4 _aFAMILY PROCEEDINGS (AMENDMENT) RULES 2006
650 2 4 _aCALDERBANK LETTERS
650 2 4 _aWHITE V WHITE
690 _aMANAGEMENT-DISPUTE AVOIDANCE, MANAGEMENT AND RESOLUTION-DISPUTE MANAGEMENT AND RESOLUTION
942 _n0
999 _c76902
_d76902